Informe mensual: Setiembre 2003. Sistema Institucional de Monitoreo del Entorno: Monitoreo de Prensa Escrita

Guardado en:
書目詳細資料
企業作者: Instituto Costarricense de Electricidad (ICE)
格式: 圖書
語言:Spanish
出版: San José: ICE 2004
主題:
標簽: 添加標簽
沒有標簽, 成為第一個標記此記錄!

MARC

LEADER 00000nam a22000007a 4500
003 cru CRAI/IIS
005 20191219105422.0
008 191211b2003 cr ||||| |||| 00| 0 spa d
999 |c 42747  |d 42747 
040 |c cru CRAI/IIS 
090 |a 08.16.04 C8374i (8) 2004 
110 |9 8873  |a Instituto Costarricense de Electricidad (ICE) 
245 |a Informe mensual:   |b Setiembre 2003. Sistema Institucional de Monitoreo del Entorno: Monitoreo de Prensa Escrita  |c Instituto Costarricense de Electricidad (ICE) 
260 |a San José:  |b ICE  |c 2004 
300 |a 15 páginas 
650 0 |9 1686  |a EMPRESAS DE TELECOMUNICACIONES 
650 0 |9 8144  |a INSTITUTO COSTARRICENSE DE ELECTRICIDAD 
650 0 |9 5564  |a ENERGIA ELECTRICA 
650 0 |9 4618  |a ANALISIS DE LA INFORMACION 
942 |2 ddc  |c LI